| 000 | 00822nam a2200253 a 4500 | ||
|---|---|---|---|
| 001 | 000007830 | ||
| 005 | 20200929154319.0 | ||
| 008 | 090911s1999 dr a 001 0 spa d | ||
| 020 | _a8493052930 | ||
| 040 |
_aDO-SdBNP _bspa _cBNPHU |
||
| 082 |
_a581.634 _bR696p |
||
| 100 | 1 |
_aRodríguez Martínez, Nelson _921553 |
|
| 245 | 1 | 0 |
_aPlantas medicinales : _bguía fitoterapéutica / _cNelson Rodríguez Martínez. |
| 260 |
_aSanto Domingo : _bLa Trinitaria, _c1999. |
||
| 300 |
_a174 p. : _bil. ; _c22 cm. |
||
| 500 | _aIncluye índice. | ||
| 504 | _aBibliografía : p. 170-174 | ||
| 590 | _aInventariado, 2018 /DG | ||
| 650 | 4 |
_aPlantas medicinales _921554 |
|
| 650 | 4 |
_aMateria médica vegetal _921555 |
|
| 650 | 4 |
_aAcupuntura _921556 |
|
| 650 | 4 |
_aBotánica médica _921557 |
|
| 910 | _aValidado. Control de calidad MFF | ||
| 999 |
_c7608 _d7608 |
||